Evaluation of Economic Impacts of Biodiesel Production in Slovakia

Biopalivá a ich dôležitá úloha, pokiaľ ide o obnoviteľné zdroje. Ekonomický dopad výroby bionafty v Slovenskej republike. Výroba biopalív a vplyv na cenu konvenčných palív. Vzťah medzi výrobou biopalív a cenami poľnohospodárskych plodín a konvenčnými palivami.

Gespeichert in:
Bibliographische Detailangaben
1. Verfasser: Bajusová, Zuzana
Weitere Verfasser: Ladvenicová, Jana, Bullová, Tatiana, Gurčík, Ľubomír
Format: Buchkapitel
Sprache:Englisch
Schlagworte:
Tags: Tag hinzufügen
Keine Tags, Fügen Sie das erste Tag hinzu!

MARC

LEADER 00000naa a2200000 4500
001 0263231
005 20200426221931.0
041 0 |a eng 
044 |a SK 
245 1 0 |a Evaluation of Economic Impacts of Biodiesel Production in Slovakia  |c Zuzana Bajusová, Jana Ladvenicová, Tatiana Bullová, Ľubomír Gurčík 
520 |a Biopalivá a ich dôležitá úloha, pokiaľ ide o obnoviteľné zdroje. Ekonomický dopad výroby bionafty v Slovenskej republike. Výroba biopalív a vplyv na cenu konvenčných palív. Vzťah medzi výrobou biopalív a cenami poľnohospodárskych plodín a konvenčnými palivami. 
610 2 0 |a palivá 
610 2 0 |a palivá fosílne 
610 2 0 |a biopalivá 
610 2 0 |a Európska únia 
610 2 0 |a Slovensko 
100 1 |a Bajusová, Zuzana 
700 1 |a Ladvenicová, Jana 
700 1 |a Bullová, Tatiana 
700 1 |a Gurčík, Ľubomír